000 00860cam a2200289 i 4500
001 359501
003 OSt
005 20250901165747.0
008 770617s1977 nyu 000 1 eng
010 _a 77022828
020 _a0671226568
040 _aDLC
_cDLC
_dDLC
_dDLC
050 0 0 _aPZ 4 .K1438 In 1977
_bIn
_aPS3561.A4163
082 0 0 _a813/.5/4
100 1 _aKalb, Marvin L.
245 1 0 _aIn the national interest /
_cMarvin Kalb, Ted Koppel.
260 _aNew York :
_bSimon and Schuster,
_cc1977.
300 _a371 p. ;
_c23 cm.
650 0 _aStatesmen's spouses
_vFiction.
650 0 _aMarried women
_vFiction.
650 0 _aKidnapping
_vFiction.
651 0 _aMiddle East
_vFiction.
655 7 _aPolitical fiction.
_2lcsh
700 1 _aKoppel, Ted,
_d1940 February 8-
906 _a7
_bcbc
_corignew
_d1
_eocip
_f19
_gy-gencatlg
942 _2lcc
_cBK
999 _c8871
_d8871